Offsite directory 2008 (Record no. 80941)
[ view plain ]
| 000 -LEADER | |
|---|---|
| fixed length control field | 00934cab a22001815a 4500 |
| 001 - CONTROL NUMBER | |
| control field | L145802 |
| 008 - FIXED-LENGTH DATA ELEMENTS--GENERAL INFORMATION | |
| fixed length control field | 081111s2008 xxkd f 000 0 eng d |
| 035 ## - SYSTEM CONTROL NUMBER | |
| System control number | (Sirsi) u145802 |
| 041 0# - LANGUAGE CODE | |
| Language code of text/sound track or separate title | eng |
| 110 2# - MAIN ENTRY--CORPORATE NAME | |
| Corporate name or jurisdiction name as entry element | Mtech |
| 9 (RLIN) | 5642 |
| 245 00 - TITLE STATEMENT | |
| Title | Offsite directory 2008 |
| 490 ## - SERIES STATEMENT | |
| Series statement | Building Offsite Directory |
| Volume/sequential designation | 2008, 26-42 (11) |
| 520 ## - SUMMARY, ETC. | |
| Summary, etc. | Directory of offsite manufacturers. Includes company name, website address, telephone number and services or products provided by the company (volumetric modular construction, bathroom and kitchen pods, light steel frame, timber frame, structurally insulated panels, insulated concrete formwork, precast concrete, pre-engineered mechanical and electrical services, panellised walling systems, pre-assembled roofing systems, components, certification-warrant-association, and plant - software). |
| 590 ## - LOCAL NOTE (RLIN) | |
| Local note | KA |
| 651 #4 - SUBJECT ADDED ENTRY--GEOGRAPHIC NAME | |
| Geographic name | United Kingdom |
| Chronological subdivision | |
| 690 ## - LOCAL SUBJECT ADDED ENTRY--TOPICAL TERM (OCLC, RLIN) | |
| Topical term or geographic name as entry element | Construction management |
| 9 (RLIN) | 6230 |
| 942 ## - ADDED ENTRY ELEMENTS (KOHA) | |
| Suppress in OPAC | 0 |
| Withdrawn status | Lost status | Source of classification or shelving scheme | Damaged status | Not for loan | Home library | Current library | Shelving location | Date acquired | Total Checkouts | Full call number | Barcode | Date last seen | Copy number | Price effective from | Koha item type |
|---|---|---|---|---|---|---|---|---|---|---|---|---|---|---|---|
| Dewey Decimal Classification | London | London | Journal article | 11/11/2008 | L145802 | 145802-1001 | 06/08/2019 | 1 | 06/08/2019 | Journal article |